000
00258nam a2200109Ia 4500
999
_c
8207
_d
8207
020
_a
978-8183330084
100
_a
Ivan Bayross
245
0
_a
Web Enabled Commercial Applications Development Using HTML
260
_a
UK
_b
BPB
_c
2000
300
_a
975
942
_c
BK